000
00314nam a2200133Ia 4500
008
190216s9999||||xx |||||||||||||| ||und||
100
_a
Levitt. Hp
245
0
_a
Findlay`S Practical Physical Chemistry
250
_a
9th Ed.
260
_b
Null
_c
1906
300
_a
442
650
_a
Chemistry-Chemistry
942
_c
BK
999
_c
2761
_d
2761